000 01015nam a22002057a 4500
003 BUBTL
008 230330b ||||| |||| 00| 0 eng d
020 _a9789848792445
082 _a346.04385492/ P1708l/ 2016
100 _95280
_aপাল, নির্মল চন্দ্র
245 _aবাংলাদেশের ভূমি আইন :
_bনির্মল চন্দ্র পাল, অধ্যক্ষ এ. এ. এম মনিরুজ্জামান এবং এডভোকেট বাহাউদ্দিন আহমেদ
250 _a৩সং
260 _aঢাকা
_bসামছ পাবলিকেশন্স
_cc2016
300 _a[106], 782p. :
_b21 cm.
650 0 _926
_aLaw
700 _95281
_aঅধ্যক্ষ এ. এ. এম মনিরুজ্জামান এবং এডভোকেট বাহাউদ্দিন আহমেদ
856 _k0
_l0
_yDownload
942 _2ddc
_cBK
999 _c7014
_d7014